[Event "Keres Memorial rap 33rd"]
[Site "Tallinn"]
[Date "2024.01.07"]
[Round "10"]
[White "Novik, Maxim"]
[Black "Niemi, Mikko"]
[Result "0-1"]
[WhiteElo "2399"]
[BlackElo "2258"]
[PlyCount "138"]
[EventDate "2024.01.06"]
[EventType "swiss (rapid)"]
[EventRounds "11"]
[EventCountry "EST"]
[SourceTitle "CB02_2024"]
[SourceDate "2024.01.10"]
[SourceVersion "1"]
[SourceVersionDate "2024.01.10"]
[SourceQuality "1"]

1. e4 g6 2. d4 Bg7 3. Nc3 d6 4. Be3 a6 5. Qd2 Nd7 6. Bd3 b5 7. a4 b4 8. Nce2 c5 9. Nf3 Qc7 10. c3 c4 11. Bc2 b3 12. Bb1 e5 13. a5 Ngf6 14. h3 Bb7 15. Ng3 Bc6 16. 0-0 0-0 17. Bh6 Rfe8 18. Bxg7 Kxg7 19. Nh4 Ng8 20. f4 f6 21. Nf3 Rad8 22. f5 Nh6 23. h4 Nf8 24. h5 gxf5 25. Nxf5+ Nxf5 26. exf5 e4 27. h6+ Kh8 28. Nh2 d5 29. Ng4 Nd7 30. Qf2 Rg8 31. Qh4 Qd6 32. Ne3 Rg5 33. Kf2 Rdg8 34. Rh1 Nb8 35. Qh2 Qxh2 36. Rxh2 Bd7 37. g4 Bc6 38. Kg3 Rd8 39. Kf4 Bb5 40. Rh4 Nc6 41. Rh2 Ne7 42. Re2 Bc6 43. Rh2 Kg8 44. Rh1 Kf7 45. Re1 Rdg8 46. Rh1 Ke8 47. Rh4 Kd7 48. Rh2 Kd6 49. Rh1 Bd7 50. Bxe4 dxe4 51. Nxc4+ Kc6 52. Ne3 Nd5+ 53. Nxd5 Rxg4+ 54. Ke3 Kxd5 55. c4+ Kxc4 56. Rhc1+ Kd5 57. Rc5+ Kd6 58. Rac1 Rg3+ 59. Ke2 Bb5+ 60. Kd2 Rd3+ 61. Ke1 Rg1+ 62. Kf2 Rxc1 63. Rxc1 Rxd4 64. Rc8 Ke5 65. Rh8 Kf4 66. Rxh7 Rd2+ 67. Kg1 e3 68. Re7 Bc6 69. Kf1 Bf3 0-1

[Event "FIN-chT 2223"]
[Site "Finland"]
[Date "2023.04.01"]
[Round "10.4"]
[White "Niemi, Mikko"]
[Black "Aalto, Patrik"]
[Result "0-1"]
[WhiteElo "2297"]
[BlackElo "2135"]
[PlyCount "150"]
[EventDate "2022.09.24"]
[EventType "team-tourn"]
[EventRounds "11"]
[EventCountry "FIN"]
[SourceTitle "EXT 2024"]
[Source "ChessBase"]
[SourceDate "2023.10.10"]
[SourceVersion "1"]
[SourceVersionDate "2023.10.10"]
[SourceQuality "1"]
[WhiteTeam "Vammala SK"]
[BlackTeam "Espoo MatSK"]
[WhiteTeamCountry "FIN"]
[BlackTeamCountry "FIN"]

1. c4 e6 2. Nf3 d5 3. g3 c6 4. b3 Nf6 5. Bg2 Nbd7 6. Bb2 Bd6 7. d4 Ne4 8. 0-0 0-0 9. Ne5 f5 10. Nd3 Qe7 11. e3 b6 12. Nd2 Bb7 13. Rc1 Ndf6 14. Nf3 Rac8 15. Nfe5 Rfd8 16. f3 Ng5 17. c5 Bb8 18. Rf2 Nf7 19. Nxf7 Qxf7 20. a4 Nd7 21. Rfc2 Re8 22. f4 Nf6 23. b4 Red8 24. Ba3 Qe8 25. Bf1 Ne4 26. Nf2 Qd7 27. b5 bxc5 28. Nxe4 dxe4 29. Bxc5 cxb5 30. axb5 Bd5 31. Rc3 Bc7 32. Bxa7 Bxf4 33. gxf4 Rxc3 34. Rxc3 Qxa7 35. Qc1 Qe7 36. Rc5 h6 37. Rc7 Qh4 38. Rc8 Rxc8 39. Qxc8+ Kh7 40. Qc2 Qe1 41. Qe2 Qb4 42. Qc2 Qe1 43. Qf2 Qb1 44. Qe2 Qb4 45. Kf2 Qb3 46. Qd2 Qb1 47. Kg2 Qb3 48. Qc1 Qa2+ 49. Kg3 Qb3 50. Be2 Qb4 51. Qc2 Qe1+ 52. Kg2 Bb3 53. Qb2 Bd1 54. Bxd1 Qxd1 55. Qf2 Qd3 56. Qb2 Qxe3 57. b6 Qf3+ 58. Kg1 e3 59. b7 e2 60. Qxe2 Qxe2 61. b8Q Qe3+ 62. Kg2 Qxd4 63. Kg3 Qg1+ 64. Kf3 Qxh2 65. Qd6 Qh1+ 66. Kg3 Qe1+ 67. Kf3 Qe4+ 68. Kf2 Kg6 69. Qc7 Qd4+ 70. Kf3 Kh5 71. Qc1 Qe4+ 72. Kf2 g5 73. Qd1+ Kg6 74. fxg5 Qf4+ 75. Ke1 Qh4+ 0-1

[Event "FIN-chT 2223"]
[Site "Finland"]
[Date "2023.02.11"]
[Round "9.5"]
[White "Niemi, Mikko"]
[Black "Linden, Lari"]
[Result "1/2-1/2"]
[WhiteElo "2297"]
[BlackElo "2114"]
[PlyCount "120"]
[EventDate "2022.09.24"]
[EventType "team-tourn"]
[EventRounds "11"]
[EventCountry "FIN"]
[SourceTitle "EXT 2024"]
[Source "ChessBase"]
[SourceDate "2023.10.10"]
[SourceVersion "1"]
[SourceVersionDate "2023.10.10"]
[SourceQuality "1"]
[WhiteTeam "Vammala SK"]
[BlackTeam "Turku TuTS"]
[WhiteTeamCountry "FIN"]
[BlackTeamCountry "FIN"]

1. g3 e5 2. c4 Nc6 3. Bg2 Nf6 4. Nc3 Bc5 5. e3 0-0 6. a3 a6 7. Nge2 d6 8. 0-0 h6 9. b4 Ba7 10. d3 Rb8 11. Rb1 Re8 12. a4 Ne7 13. Qb3 Be6 14. Nd5 Nexd5 15. cxd5 Bf5 16. h3 Qd7 17. Kh2 c6 18. b5 cxb5 19. axb5 Qxb5 20. Qxb5 axb5 21. e4 Bd7 22. Nc3 Rec8 23. Nxb5 Bxb5 24. Rxb5 Rc3 25. f4 Nd7 26. Rd1 Bd4 27. Bb2 Rc2 28. Bxd4 exd4 29. Rb4 b5 30. Kg1 f6 31. Rdb1 Nc5 32. Bf1 Rd2 33. Rxd4 Ra8 34. Re1 Ra4 35. Rxa4 bxa4 36. Ra1 Kf8 37. Ra3 Ke7 38. Rc3 Nb3 39. Rc7+ Kd8 40. Ra7 Nc5 41. e5 fxe5 42. fxe5 dxe5 43. d6 g5 44. h4 g4 45. Ra5 Nxd3 46. Rxa4 Ne1 47. Bb5 Nf3+ 48. Kf1 Rxd6 49. Be2 Nd4 50. Ra5 Rf6+ 51. Ke1 Nf3+ 52. Bxf3 Rxf3 53. Rxe5 Rxg3 54. Rh5 Re3+ 55. Kf2 Re6 56. Kg3 Rg6 57. Re5 Kd7 58. h5 Rg7 59. Re3 Rg5 60. Kh4 g3 1/2-1/2

[Event "EU-Cup 37th"]
[Site "Mayrhofen"]
[Date "2022.10.03"]
[Round "1.7"]
[White "Tari, Aryan"]
[Black "Niemi, Mikko"]
[Result "1-0"]
[WhiteElo "2656"]
[BlackElo "2306"]
[PlyCount "49"]
[EventDate "2022.10.03"]
[EventType "team-swiss"]
[EventRounds "7"]
[EventCountry "AUT"]
[SourceTitle "CBM 210 Extra"]
[Source "ChessBase"]
[SourceDate "2022.11.30"]
[SourceVersion "1"]
[SourceVersionDate "2022.11.30"]
[SourceQuality "1"]
[WhiteTeam "Offerspill"]
[BlackTeam "Vammalan Shakkikerho"]
[WhiteTeamCountry "NOR"]
[BlackTeamCountry "FIN"]

1. e4 d6 2. d4 g6 3. Nf3 Bg7 4. Nc3 a6 5. Be2 b5 6. 0-0 Bb7 7. e5 e6 8. d5 dxe5 9. dxe6 f6 10. Be3 Ne7 11. Bc5 Nbc6 12. b4 Nf5 13. a4 bxa4 14. Bc4 Bf8 15. Ne4 Ncd4 16. Nxd4 Bxe4 17. e7 Bxe7 18. Qg4 Bxc5 19. Ne6 Qb8 20. Qxe4 Bd6 21. Nxc7+ Bxc7 22. Qc6+ Kd8 23. Qxf6+ Kd7 24. Be6+ Kc6 25. Bxf5+ 1-0

[Event "Keres Memorial rap 28th"]
[Site "Tallinn"]
[Date "2019.01.12"]
[Round "7"]
[White "Alekseev, Evgeny V"]
[Black "Niemi, Mikko"]
[Result "1-0"]
[WhiteElo "2639"]
[BlackElo "2308"]
[PlyCount "55"]
[EventDate "2019.01.12"]
[EventType "swiss (rapid)"]
[EventRounds "11"]
[EventCountry "EST"]
[SourceTitle "CBM 188 Extra"]
[Source "ChessBase"]
[SourceDate "2019.02.26"]
[SourceVersion "1"]
[SourceVersionDate "2019.02.26"]
[SourceQuality "1"]

1. e4 g6 2. d4 Bg7 3. Nf3 d6 4. Bd3 a6 5. 0-0 Nd7 6. c3 c5 7. Re1 e6 8. Bf4 e5 9. dxe5 dxe5 10. Bg5 f6 11. Be3 Nh6 12. a4 Nf7 13. Na3 0-0 14. Qc2 Qc7 15. Red1 b6 16. Bc4 Bb7 17. Bd5 Rfd8 18. Qb3 Bxd5 19. Rxd5 Nf8 20. a5 Rxd5 21. axb6 c4 22. Qa2 Qc8 23. exd5 Nd6 24. Nd2 Nd7 25. Naxc4 Nf5 26. Na5 Rb8 27. b7 Qf8 28. Ba7 1-0

[Event "Graz op-A"]
[Site "Graz"]
[Date "2017.02.25"]
[Round "8"]
[White "Rathnakaran, Kantholi"]
[Black "Niemi, Mikko"]
[Result "1-0"]
[WhiteElo "2407"]
[BlackElo "2253"]
[PlyCount "81"]
[EventDate "2017.02.20"]
[EventType "swiss"]
[EventRounds "9"]
[EventCountry "AUT"]
[SourceTitle "CBM 177 Extra"]
[Source "ChessBase"]
[SourceDate "2017.04.27"]
[SourceVersion "1"]
[SourceVersionDate "2017.04.27"]
[SourceQuality "1"]

1. e4 g6 2. d4 Bg7 3. Nc3 d6 4. Be3 a6 5. Qd2 Nd7 6. Nf3 b5 7. a4 b4 8. Nd5 c5 9. dxc5 dxc5 10. Bf4 Bxb2 11. Bc7 Bc3 12. Qxc3 bxc3 13. Bxd8 Kxd8 14. Ng5 Nh6 15. 0-0-0 Rb8 16. f4 e6 17. Nxc3 Ke7 18. Be2 Rb4 19. Rd3 Nb6 20. a5 Nc4 21. Rh3 Ng8 22. Bxc4 Rxc4 23. Re3 Nf6 24. h3 Bb7 25. Rhe1 Rd8 26. Nf3 Rb4 27. g4 Nd7 28. g5 Nb8 29. Ne5 Nc6 30. Nd3 Rc4 31. Nd5+ Ke8 32. Nb6 Rcd4 33. Nxc5 Nxa5 34. Ra3 Rb4 35. Nbd7 Nc4 36. Rb3 Rxb3 37. cxb3 Na5 38. Nf6+ Ke7 39. b4 Rc8 40. Kb1 Rc7 41. Rc1 1-0

[Event "Graz op-A"]
[Site "Graz"]
[Date "2017.02.23"]
[Round "5"]
[White "Niemi, Mikko"]
[Black "Istratescu, Andrei"]
[Result "1-0"]
[WhiteElo "2253"]
[BlackElo "2599"]
[PlyCount "85"]
[EventDate "2017.02.20"]
[EventType "swiss"]
[EventRounds "9"]
[EventCountry "AUT"]
[SourceTitle "CBM 177 Extra"]
[Source "ChessBase"]
[SourceDate "2017.04.27"]
[SourceVersion "1"]
[SourceVersionDate "2017.04.27"]
[SourceQuality "1"]

1. c4 e5 2. g3 Nf6 3. Bg2 d5 4. cxd5 Nxd5 5. Nf3 Nc6 6. 0-0 Nb6 7. d3 Be7 8. Be3 0-0 9. Nbd2 Nd5 10. Nc4 Nxe3 11. Nxe3 Be6 12. Rc1 f6 13. a3 Rb8 14. b4 Qd7 15. Nc4 a6 16. Qc2 Rfd8 17. Rfd1 Kh8 18. Ncd2 Bd5 19. Nb3 Rbc8 20. Nc5 Bxc5 21. Qxc5 b6 22. Qe3 a5 23. bxa5 Nxa5 24. Rc3 Nb3 25. Rb1 Nc5 26. Nd2 Ra8 27. Rbc1 Bxg2 28. Kxg2 Ne6 29. Qe4 Ra7 30. Qc6 Qe7 31. Nc4 Nd4 32. Qe4 Qe8 33. Kf1 Ne6 34. Ne3 Rda8 35. Qc6 Qf7 36. Qd5 Kg8 37. Nc4 Rd8 38. Qc6 Nd4 39. Qe4 Qd7 40. Ne3 Ne6 41. Qc4 Ra4 42. Qb3 Kh8 43. Rc6 1-0

[Event "FIN-chT1A 1516"]
[Site "Finland"]
[Date "2015.11.07"]
[Round "4.3"]
[White "Natri, Antero"]
[Black "Niemi, Mikko"]
[Result "0-1"]
[WhiteElo "2183"]
[BlackElo "2233"]
[PlyCount "104"]
[EventDate "2015.09.12"]
[EventType "team-tourn"]
[EventRounds "8"]
[EventCountry "FIN"]
[SourceTitle "EXT 2017"]
[Source "ChessBase"]
[SourceDate "2016.10.25"]
[SourceVersion "1"]
[SourceVersionDate "2016.10.25"]
[SourceQuality "1"]
[WhiteTeam "Tampere Tammer II"]
[BlackTeam "Sastamala VammSK"]
[WhiteTeamCountry "FIN"]
[BlackTeamCountry "FIN"]

1. g3 g6 2. Bg2 Bg7 3. c4 d6 4. Nc3 e5 5. e4 Ne7 6. Nge2 0-0 7. 0-0 Be6 8. d3 c6 9. Be3 f5 10. Qd2 d5 11. cxd5 cxd5 12. exd5 Nxd5 13. d4 e4 14. Nxd5 Bxd5 15. Bh6 Bxh6 16. Qxh6 Bc4 17. Nf4 Qxd4 18. Rac1 Bf7 19. Rfd1 Qe5 20. h4 Nc6 21. Kh2 Qxb2 22. Rxc6 bxc6 23. Rd7 Rfd8 24. Rc7 Rd6 25. Nh3 Qg7 26. Qf4 Rad8 27. Ng5 R6d7 28. Bf1 Bd5 29. Rxd7 Qxd7 30. h5 Qe7 31. h6 Bxa2 32. Qe3 Rd7 33. Nh3 Qf8 34. Qc1 Bd5 35. Kg1 f4 36. Nxf4 Qxh6 37. Bc4 Qg5 38. Qc3 Qf5 39. Qb3 Qf7 40. Qb8+ Kg7 41. Ba6 Re7 42. Qb2+ Qf6 43. Qa3 Qe5 44. Ng2 Rf7 45. Ne3 h5 46. Be2 Qf6 47. Nd1 h4 48. Qe3 hxg3 49. fxg3 Qe5 50. Nf2 a5 51. Ng4 Qd6 52. Qc3+ Kh7 0-1

[Event "FIN-chT 1314"]
[Site "Finland"]
[Date "2014.03.09"]
[Round "11.6"]
[White "Niemi, Mikko"]
[Black "Nevanlinna, Risto"]
[Result "1/2-1/2"]
[WhiteElo "2237"]
[BlackElo "2231"]
[PlyCount "120"]
[EventDate "2013.09.21"]
[EventType "team-tourn"]
[EventRounds "11"]
[EventCountry "FIN"]
[SourceTitle "EXT 2015"]
[Source "ChessBase"]
[SourceDate "2014.11.20"]
[SourceVersion "1"]
[SourceVersionDate "2014.11.20"]
[SourceQuality "1"]
[WhiteTeam "Sastamala VammSK"]
[BlackTeam "Jyvaskyla JyS"]
[WhiteTeamCountry "FIN"]
[BlackTeamCountry "FIN"]

1. c4 b6 2. d4 e6 3. e4 Bb7 4. d5 Bb4+ 5. Bd2 Bxd2+ 6. Qxd2 d6 7. Nf3 exd5 8. exd5 Nf6 9. Qe3+ Qe7 10. Qxe7+ Kxe7 11. Bd3 Re8 12. Nc3 Kf8+ 13. Kd2 a6 14. Rhe1 Nbd7 15. h3 g6 16. b3 Kg7 17. Nd4 h6 18. a4 Rxe1 19. Rxe1 Re8 20. Ra1 Nc5 21. a5 Nxd3 22. Kxd3 Nd7 23. axb6 cxb6 24. f4 Nc5+ 25. Kd2 Ne4+ 26. Nxe4 Rxe4 27. Ne2 b5 28. Kd3 Re8 29. Nc3 bxc4+ 30. bxc4 Bc8 31. Kd4 Kf8 32. Rb1 f5 33. Rb6 Ke7 34. c5 dxc5+ 35. Kxc5 Kf7 36. Rc6 g5 37. Rxh6 gxf4 38. Rh7+ Kf6 39. Rc7 Rg8 40. d6 Be6 41. Ne2 Rxg2 42. Nxf4 Rc2+ 43. Kd4 Rd2+ 44. Nd3 Ra2 45. Ke3 Ra3 46. Kd2 Ra4 47. Kc3 Rh4 48. d7 Ke7 49. Ne5 Rxh3+ 50. Kd4 Bxd7 51. Rxd7+ Ke6 52. Rd5 Rh4+ 53. Kc5 Rh1 54. Nd3 Ra1 55. Rd6+ Ke7 56. Rh6 a5 57. Ra6 Rd1 58. Kd4 Ra1 59. Ke5 Kd7 60. Kxf5 Kc7 1/2-1/2

[Event "FIN-chT 1314"]
[Site "Finland"]
[Date "2014.03.07"]
[Round "9.5"]
[White "Niemi, Mikko"]
[Black "Kekki, Petri"]
[Result "1-0"]
[WhiteElo "2237"]
[BlackElo "2354"]
[PlyCount "83"]
[EventDate "2013.09.21"]
[EventType "team-tourn"]
[EventRounds "11"]
[EventCountry "FIN"]
[SourceTitle "EXT 2015"]
[Source "ChessBase"]
[SourceDate "2014.11.20"]
[SourceVersion "1"]
[SourceVersionDate "2014.11.20"]
[SourceQuality "1"]
[WhiteTeam "Sastamala VammSK"]
[BlackTeam "Espoo MatSK"]
[WhiteTeamCountry "FIN"]
[BlackTeamCountry "FIN"]

1. c4 e6 2. Nf3 d5 3. d4 c6 4. g3 dxc4 5. Bg2 b5 6. 0-0 Nd7 7. Nc3 Bb7 8. b3 cxb3 9. Qxb3 Ngf6 10. Rd1 Be7 11. Ne5 Nd5 12. Nxd5 exd5 13. e4 Nxe5 14. exd5 cxd5 15. dxe5 a6 16. Bxd5 Bxd5 17. Rxd5 Qc8 18. Ba3 Qe6 19. Bxe7 Qxe7 20. a4 b4 21. Re1 0-0 22. e6 fxe6 23. Rde5 Qf7 24. f4 a5 25. Rxe6 Rac8 26. Qd5 Qa7+ 27. Kg2 Kh8 28. Re7 Rc2+ 29. Kh3 Qf2 30. Qxa5 Qxh2+ 31. Kg4 Rc6 32. R1e6 Rxe6 33. Rxe6 b3 34. Qe5 Qc2 35. Rb6 h6 36. Rxh6+ Kg8 37. Qd5+ Rf7 38. Qd8+ Rf8 39. Qd5+ Rf7 40. Re6 b2 41. Re8+ Kh7 42. Qh5# 1-0

[Event "FIN Team Cup"]
[Site "Finland"]
[Date "2013.09.08"]
[Round "6.3"]
[White "Niemi, Mikko"]
[Black "Kekki, Petri"]
[Result "0-1"]
[WhiteElo "2237"]
[BlackElo "2354"]
[PlyCount "76"]
[EventDate "2013.04.06"]
[EventType "team-k.o."]
[EventRounds "6"]
[EventCountry "FIN"]
[SourceTitle "EXT 2022"]
[Source "ChessBase"]
[SourceDate "2021.10.06"]
[SourceVersion "1"]
[SourceVersionDate "2021.10.06"]
[SourceQuality "1"]
[WhiteTeam "Vammala SK"]
[BlackTeam "Espoo MatSK"]
[WhiteTeamCountry "FIN"]
[BlackTeamCountry "FIN"]

1. Nf3 c5 2. c4 Nc6 3. Nc3 g6 4. g3 Bg7 5. Bg2 d6 6. 0-0 Nh6 7. a3 0-0 8. Rb1 Rb8 9. b4 Be6 10. Nd5 cxb4 11. axb4 b5 12. Ng5 Bf5 13. cxb5 Rxb5 14. d3 Bd7 15. Ne4 Rxd5 16. Bxh6 Bxh6 17. Nf6+ exf6 18. Bxd5 Qb6 19. Qb3 Bh3 20. Rfe1 Bd2 21. Red1 Nd4 22. Qa2 Nxe2+ 23. Kh1 Nc3 24. Qxd2 Nxd5 25. Re1 Qd4 26. Re4 Qc3 27. Rd1 f5 28. Rc4 Qf6 29. Re1 Nb6 30. Rc7 Qd4 31. f3 f4 32. Rxa7 Nc4 33. Qa2 Qxd3 34. Qf2 Ne5 35. Raa1 Nxf3 36. Rad1 Nxe1 37. Rxd3 Nxd3 38. Qf3 Re8 0-1

[Event "Helsinki We HSK 8th"]
[Site "Helsinki"]
[Date "2013.??.??"]
[Round "3"]
[White "Niemi, Mikko"]
[Black "Eklund, Kari"]
[Result "1-0"]
[WhiteElo "2237"]
[BlackElo "2132"]
[PlyCount "111"]
[EventDate "2013.??.??"]
[EventType "swiss"]
[EventRounds "5"]
[EventCountry "FIN"]
[SourceTitle "EXT 2022"]
[Source "ChessBase"]
[SourceDate "2021.10.06"]
[SourceVersion "1"]
[SourceVersionDate "2021.10.06"]
[SourceQuality "1"]

1. c4 Nf6 2. g3 g6 3. Bg2 Bg7 4. Nc3 0-0 5. Nf3 d6 6. 0-0 c5 7. a3 Na6 8. Rb1 Be6 9. Ng5 Bf5 10. Bxb7 Bxb1 11. Nxb1 Nc7 12. Bxa8 Qxa8 13. Nc3 e6 14. b4 Na6 15. b5 Nc7 16. d3 d5 17. Bf4 Nfe8 18. Qb3 e5 19. Bd2 h6 20. Nf3 d4 21. Na4 Ne6 22. b6 Nd6 23. bxa7 Qxa7 24. Rb1 Ra8 25. Nb6 Rb8 26. a4 f5 27. a5 e4 28. Nh4 g5 29. Ng2 Nd8 30. Qa4 Kh7 31. Rb3 exd3 32. exd3 Qb7 33. Ne1 Qc6 34. Qxc6 Nxc6 35. Nc2 Re8 36. Kf1 Be5 37. Nd7 f4 38. Rb6 fxg3 39. hxg3 Rd8 40. Nxc5 Na7 41. Nb7 Rd7 42. a6 Ndc8 43. Re6 Bg7 44. Bb4 Kg8 45. Bc5 Kf7 46. Re4 Nc6 47. Na3 Nb8 48. a7 Nxa7 49. Bxa7 Rxb7 50. Nb5 Kg6 51. Bxd4 Bf8 52. Re6+ Kf7 53. Rxh6 Bxh6 54. Nd6+ Ke6 55. Nxb7 Nc6 56. Be3 1-0

[Event "FIN-chT 1112"]
[Site "Finland"]
[Date "2011.09.17"]
[Round "1.4"]
[White "Vinke, Dietmar"]
[Black "Niemi, Mikko"]
[Result "1-0"]
[WhiteElo "2218"]
[BlackElo "2253"]
[PlyCount "121"]
[EventDate "2011.09.17"]
[EventType "team-tourn"]
[EventRounds "11"]
[EventCountry "FIN"]
[SourceTitle "CBM 144 Extra"]
[Source "ChessBase"]
[SourceDate "2011.10.28"]
[SourceVersion "1"]
[SourceVersionDate "2011.10.28"]
[SourceQuality "1"]
[WhiteTeam "Oulu OSS"]
[BlackTeam "Sastamala VammSK"]
[WhiteTeamCountry "FIN"]
[BlackTeamCountry "FIN"]

1. Nf3 g6 2. g3 Bg7 3. Bg2 d6 4. 0-0 c5 5. e4 Nc6 6. d3 e5 7. c3 Nge7 8. Nh4 0-0 9. f4 f6 10. Na3 Be6 11. f5 Bf7 12. g4 d5 13. Qe2 Qd7 14. g5 gxf5 15. exf5 a6 16. Qf2 Bh5 17. Qg3 Kh8 18. Bd2 b5 19. Rae1 b4 20. Nc2 bxc3 21. bxc3 Rab8 22. Bc1 Rb1 23. Ba3 Rxe1 24. Nxe1 Nd8 25. g6 hxg6 26. fxg6 Qg4 27. Bxc5 Ndc6 28. Bh3 Qxg3+ 29. hxg3 Rb8 30. Be6 Bxg6 31. Nxg6+ Nxg6 32. Bxd5 Nce7 33. Be4 Kg8 34. Ba3 Kf7 35. Nc2 Ke6 36. Ne3 Rb5 37. Nf5 Nxf5 38. Bxf5+ Kf7 39. Rf2 Bh6 40. Kg2 Be3 41. Rb2 Rxb2+ 42. Bxb2 Ne7 43. g4 Nd5 44. Be4 Nb6 45. Bc6 Ke6 46. Kf3 Bc5 47. Ke4 Kd6 48. Be8 Ke7 49. Bc6 Kd6 50. Bb7 Na4 51. Ba1 Bf2 52. d4 exd4 53. cxd4 a5 54. Kf5 Bh4 55. d5 Nc5 56. Bc6 Ke7 57. Bc3 a4 58. Bd4 Nd3 59. Bxa4 Bg5 60. Bb5 Nf4 61. Bc5+ 1-0

[Event "FIN-chT 1011"]
[Site "Finland"]
[Date "2011.02.13"]
[Round "7.5"]
[White "Niemi, Mikko"]
[Black "Kekki, Petri"]
[Result "0-1"]
[WhiteElo "2248"]
[BlackElo "2365"]
[PlyCount "112"]
[EventDate "2010.09.18"]
[EventType "team-tourn"]
[EventRounds "9"]
[EventCountry "FIN"]
[SourceTitle "EXT 2012"]
[Source "ChessBase"]
[SourceDate "2011.11.24"]
[SourceVersion "1"]
[SourceVersionDate "2011.11.24"]
[SourceQuality "1"]
[WhiteTeam "Vammala SK"]
[BlackTeam "Mat SK"]
[WhiteTeamCountry "FIN"]
[BlackTeamCountry "FIN"]

1. c4 e6 2. Nf3 Nf6 3. g3 d5 4. Bg2 dxc4 5. Qa4+ c6 6. Qxc4 b5 7. Qc2 Bb7 8. 0-0 Nbd7 9. d4 c5 10. Nc3 b4 11. Na4 Rc8 12. dxc5 Nxc5 13. Nxc5 Bxc5 14. Qb3 Bd5 15. Qa4+ Bc6 16. Qb3 Qa5 17. Nd2 Bb5 18. Qf3 Qa6 19. Re1 0-0 20. Nb3 Bb6 21. Bd2 Rc2 22. a4 Bc6 23. Qf4 Rc4 24. a5 Rxf4 25. axb6 Qxb6 26. Be3 Qd8 27. Red1 Nd5 28. Bxf4 Qf6 29. Rd2 Rc8 30. Bd6 h6 31. Rxa7 Ra8 32. Rxa8+ Bxa8 33. e4 Nb6 34. e5 Qf5 35. Bxa8 Nxa8 36. Nd4 Qb1+ 37. Kg2 Nb6 38. Bxb4 Qe4+ 39. f3 Qxe5 40. Bc3 Nd5 41. Re2 Qc7 42. Be1 e5 43. Nf5 Kh7 44. Bf2 Nb4 45. Ne3 Nd3 46. Rd2 Qd7 47. Nc4 Qd5 48. b3 f5 49. Re2 e4 50. fxe4 fxe4 51. Kg1 Nc1 52. Re3 Nxb3 53. Nb6 Qe6 54. Na4 Nd2 55. Re2 Nf3+ 56. Kg2 Qc4 0-1

[Event "FIN-chT 1011"]
[Site "Finland"]
[Date "2010.09.18"]
[Round "1.5"]
[White "Hynninen, Juha"]
[Black "Niemi, Mikko"]
[Result "1-0"]
[WhiteElo "2154"]
[BlackElo "2248"]
[PlyCount "93"]
[EventDate "2010.09.18"]
[EventType "team-tourn"]
[EventRounds "9"]
[EventCountry "FIN"]
[SourceTitle "EXT 2012"]
[Source "ChessBase"]
[SourceDate "2011.11.24"]
[SourceVersion "1"]
[SourceVersionDate "2011.11.24"]
[SourceQuality "1"]
[WhiteTeam "Sal SK"]
[BlackTeam "Vammala SK"]
[WhiteTeamCountry "FIN"]
[BlackTeamCountry "FIN"]

1. d4 d6 2. Nf3 g6 3. g3 Bg7 4. Bg2 c5 5. 0-0 cxd4 6. Nxd4 Nf6 7. c4 0-0 8. Nc3 a6 9. h3 Nbd7 10. Be3 Rb8 11. Qd2 Re8 12. Rfc1 Nc5 13. b4 Ncd7 14. Rab1 Ne5 15. Nd5 Bd7 16. f4 Nc6 17. g4 Rc8 18. Nb3 Be6 19. a4 h5 20. g5 Nd7 21. Bf2 b6 22. e4 a5 23. b5 Ncb8 24. Qd3 Kh7 25. Kh2 Nc5 26. Nxc5 dxc5 27. Rd1 Bxd5 28. exd5 Nd7 29. Bf3 Kg8 30. Kg2 Nf8 31. Qe4 Qd6 32. Bg3 Nd7 33. Re1 e5 34. f5 Bf8 35. h4 Kg7 36. Rb3 Qc7 37. Bd1 Bd6 38. Rf3 Nf8 39. Bc2 Kg8 40. Ref1 Re7 41. fxg6 fxg6 42. Rxf8+ Rxf8 43. Qxg6+ Rg7 44. Qe6+ Kh8 45. Rxf8+ Bxf8 46. Bxe5 Qd8 47. Be4 1-0